The myth of the state / (Record no. 41624)
[ view plain ]
| 000 -LEADER | |
|---|---|
| campo de control de longitud fija | 00450nam a2200157 i 4500 |
| 001 - NÚMERO DE CONTROL | |
| campo de control | 41624 |
| 003 - IDENTIFICADOR DE NÚMERO DE CONTROL | |
| campo de control | ES-MaACL |
| 005 - FECHA Y HORA DE LA ÚLTIMA TRANSACCIÓN | |
| campo de control | 20230906160450.0 |
| 007 - CAMPO FIJO DE DESCRIPCIÓN FÍSICA--INFORMACIÓN GENERAL | |
| campo de control de longitud fija | t| |
| 008 - DATOS DE LONGITUD FIJA--INFORMACIÓN GENERAL | |
| campo de control de longitud fija | 030311s1946 xxu ||||1| eng d |
| 100 1# - ENTRADA PRINCIPAL--NOMBRE DE PERSONA | |
| Nombre de persona | Cassirer, Ernst. |
| 9 (RLIN) | 36365 |
| 245 14 - MENCIÓN DEL TÍTULO | |
| Título | The myth of the state / |
| Mención de responsabilidad, etc. | by Ernst Cassirer. |
| 260 ## - PUBLICACIÓN, DISTRIBUCIÓN, ETC. | |
| Lugar de publicación, distribución, etc. | New Haven, etc. : |
| Nombre del editor, distribuidor, etc. | Vale University Press, |
| Fecha de publicación, distribución, etc. | 1946. |
| 300 ## - DESCRIPCIÓN FÍSICA | |
| Extensión | XII, 303 p., 1 retr. ; |
| Dimensiones | 24 cm. |
| 852 ## - LOCALIZACIÓN | |
| Ubicación | ES-MaACL |
| Número de control de estantería | C-4309 |
| Sublocalización o colección | R.24234 |
| Estatus retirado | Estado de pérdida | Estado de daño | No para préstamo | Biblioteca de origen | Biblioteca actual | Ubicación en estantería | Fecha de adquisición | Fuente de adquisición | Total de préstamos | Signatura topográfica completa | Código de barras | Visto por última vez | Precio de reemplazo | Tipo de ítem Koha |
|---|---|---|---|---|---|---|---|---|---|---|---|---|---|---|
| Biblioteca del Ateneo de Madrid | Biblioteca del Ateneo de Madrid | Sala Palomar | 17/01/2008 | C-4309 | 1043818 | 23/02/2023 | 23/02/2023 | Libro impreso |
